000 00870nam a22002417a 4500
999 _c11653
_d11653
003 AR-CdUCM
008 190404b ||||| |||| 00| 0 spa d
040 _aMUNICIPALIDAD PROVINCIAL DEL CUSCO
_cBIBLIOTECA MUNICIPAL DEL CUSCO
082 _22ed.
_a374.21 /
_bR88 / 1869
100 _aRoyo, José Manuel
_929117
245 _aInstrucción moral i religiosa para escuelas /
260 _aNueva York :
_bD.appleton y compañia,
_c1869.
300 _a243 paginas ;
_bIlustraciones,
_c19 cm.
505 _aContenido :Existencia de Dios -- De la libertad -- Mandamientos de Dios -- Los apóstoles -- De la eucaristía...
650 _aPalabra de Dios
_94532
650 _aCrrencia
_929118
650 _aEvangelios
_93175
650 _aApóstoles
_927929
650 _aPredicación
_92429
650 _aEngaño
_91312
942 _2ddc
_cLIBROS
945 _awnts
_d2019-04-04